Á lódáil...

Legal Resarch : Law-Finding and Problem-Solving /

Sonraí Bibleagrafaíochta
Príomhúdar: Tunkel,Victor
Formáid: Printed Book
Foilsithe: London: Blackstone Press, 1992.
Ábhair:
LEADER 00437cam a2200121ua 4500
082 |a 340.07 
100 |a Tunkel,Victor. 
245 |a Legal Resarch :   |b Law-Finding and Problem-Solving /   |c Victor Tunkel .  
260 |a London:  |b Blackstone Press,  |c 1992. 
650 |a Legal Resarch 
942 |c BK 
999 |c 275296  |d 275296 
952 |0 0  |1 0  |4 0  |6 340_070000000000000_TUNL  |7 0  |9 292927  |a LAW  |b LAW  |d 2020-02-28  |l 0  |o 340.07 TUN-L  |p LAW1369  |r 2020-02-28  |t 1  |w 2020-02-28  |y BK